List of highest mountains on earth - Statistics

General Stats
  • This quiz has been taken 10 times
  • The average score is 9 of 30
Answer Stats
Rank Height Answer % Correct
1 8848m Everest
100%
2 8611m K2
89%
3 8586m Kangchenjunga
67%
4 8516m Lhotse
67%
10 8091m Annapurna I
56%
16 7937m Annapurna II
44%
12 8051m Broad Peak
44%
7 8167m Dhaulaghiri I
44%
11 8080m Gasherbrum I
44%
13 8035m Gasherbrum II
44%
5 8485m Makalu
44%
9 8126m Nanga Parbat
44%
6 8188m Cho Oyu
33%
8 8163m Manaslu
33%
14 8027m Shishapangma
33%
30 7751m Dhaulaghiri II
22%
17 7932m Gasherbrum IV
22%
22 7821m Masherbrum
22%
29 7756m Kamet
11%
27 7782m Namcha Barwa
11%
25 7795m Batura Sar
0%
24 7804m Chomo Lonzo
0%
19 7884m Distaghil Sar
0%
15 7952m Gyachung Kung
0%
18 7893m Himachuli
0%
28 7760m Kanjut Sar
0%
21 7823m Khunyang Chhish
0%
23 7816m Nanda Devi
0%
20 7871m Ngadi Chuli
0%
26 7788m Rakaposhi
0%
No matching quizzes found
Score Distribution
Percent of People with Each Score
Percentile by Number Answered
Your Score History
You have not taken this quiz